000 00659nam a2200229 4500
003 OSt
005 20240620021557.0
006 a
008 240620b |||||||| |||| 00| 0 eng d
020 _a9781402790492
040 _aDWCL-Main lib.
_cOC
082 _aCirc. 658.4092 A969w 2009
100 _aAxelford, Alan
245 _aWinston Churchill, CEO : 25 lessons for bold business leaders /
260 _aNew York :
_bSterling Pub.,
_cc2009.
300 _b276 p. ;
_c19 cm.
504 _aIncludes index.
650 _a1. Churchill, Winston, 1874-1965.
650 _a2. Leadership.
650 _a3. Decision making.
942 _2ddc
_n0
_cBK-CIRC
_kCirc.
999 _c951
_d951